[Event "Litomysl op 18th"]
[Site "Litomysl"]
[Date "2016.12.26"]
[Round "1"]
[White "Sodomka, Adam"]
[Black "Cerveny, Martin"]
[Result "0-1"]
[WhiteElo "1882"]
[BlackElo "2395"]
[PlyCount "80"]
[EventDate "2016.12.26"]
[EventType "swiss"]
[EventRounds "9"]
[EventCountry "CZE"]
[SourceTitle "CBM 176 Extra"]
[Source "ChessBase"]
[SourceDate "2017.03.02"]
[SourceVersion "1"]
[SourceVersionDate "2017.03.02"]
[SourceQuality "1"]

1. d4 d6 2. Nc3 Nf6 3. Bg5 Nbd7 4. e3 c6 5. Bc4 b5 6. Bb3 b4 7. Nce2 a5 8. Nf3 a4 9. Bc4 h6 10. Bxf6 Nxf6 11. Ng3 e6 12. 0-0 h5 13. h4 d5 14. Bd3 Bd6 15. Ne5 Bxe5 16. dxe5 Ng4 17. Qf3 Qxh4 18. Rfd1 Nxe5 19. Qe2 Qg4 20. Qe1 h4 21. Be2 Qg6 22. Nf1 h3 23. Ng3 Qh6 24. Qxb4 hxg2 25. Kxg2 Qh3+ 26. Kg1 Ba6 27. Rd3 Qh2+ 28. Kf1 Rh3 29. Rad1 Rxg3 30. fxg3 Bxd3 31. cxd3 Qh1+ 32. Kf2 Qxd1 33. Qb7 Nxd3+ 34. Bxd3 Qd2+ 35. Kf3 Qa5 36. Qxc6+ Ke7 37. Bb5 f5 38. Kf4 Kf6 39. e4 Qd2+ 40. Kf3 dxe4+ 0-1

[Event "CZE-chT2D 1314"]
[Site "Czech Republic"]
[Date "2014.02.16"]
[Round "8.8"]
[White "Novotny, Ales"]
[Black "Sodomka, Adam"]
[Result "1-0"]
[WhiteElo "1834"]
[BlackElo "1846"]
[PlyCount "69"]
[EventDate "2013.11.03"]
[EventType "team-tourn"]
[EventRounds "11"]
[EventCountry "CZE"]
[SourceTitle "EXT 2016"]
[Source "ChessBase"]
[SourceDate "2015.10.08"]
[SourceVersion "1"]
[SourceVersionDate "2015.10.08"]
[SourceQuality "1"]
[WhiteTeam "Pardubice AKIS"]
[BlackTeam "Policka"]
[WhiteTeamCountry "CZE"]
[BlackTeamCountry "CZE"]

1. c4 e5 2. g3 Nf6 3. Bg2 d5 4. cxd5 Nxd5 5. Nc3 Nb6 6. d3 Nc6 7. Nf3 Be7 8. 0-0 Be6 9. a3 a5 10. Bd2 a4 11. Be3 Bb3 12. Qc1 0-0 13. Nd2 Na5 14. Nce4 f5 15. Nc5 Bd5 16. Bxd5+ Qxd5 17. f4 g5 18. fxe5 f4 19. gxf4 gxf4 20. Bf2 Rf7 21. Nce4 Qxe5 22. Qc3 Qh5 23. Kh1 h6 24. Rg1+ Kh7 25. Qxc7 Nd5 26. Qd7 Ne3 27. Bxe3 fxe3 28. Nf3 Rd8 29. Qxe7 Rxe7 30. Nf6+ Kh8 31. Nxh5 Nb3 32. Raf1 Rc8 33. Nh4 Rec7 34. Ng6+ Kh7 35. Nf6+ 1-0